100 Biggest Cities starting with A - Statistics

General Stats
  • This quiz has been taken 253 times
  • The average score is 30 of 100
Answer Stats
Population Country City name % Correct
3,517,182 Turkey Ankara
97%
3,811,516 Egypt Alexandria
96%
2,757,729 Ethiopia Addis Ababa
93%
1,275,857 Jordan Amman
90%
1,963,264 Ghana Accra
89%
1,225,235 Australia Adelaide
87%
1,977,663 Algeria Algiers
86%
741,636 Netherlands Amsterdam
86%
1,482,200 Paraguay Asuncion
86%
1,391,433 Madagascar Antananarivo
83%
664,046 Greece Athens
81%
3,677,115 Ivory Coast Abidjan
80%
3,719,710 India Ahmedabad
80%
1,602,264 Syria Aleppo
79%
345,604 Kazakhstan Astana
79%
603,492 United Arab Emirates Abu Dhabi
78%
2,000,900 Kazakhstan Almaty
78%
727,700 Turkmenistan Ashgabat
74%
417,910 New Zealand Auckland
73%
590,400 Nigeria Abuja
71%
463,878 United States Atlanta
71%
931,830 United States Austin
70%
550,602 Yemen Aden
68%
758,188 Turkey Antalya
68%
459,805 Belgium Antwerpen
63%
563,930 Eritrea Asmara
63%
1,430,055 India Agra
62%
1,248,988 Turkey Adana
47%
673,479 Mexico Acapulco de Juarez
46%
698,310 Morocco Agadir
44%
841,130 Peru Arequipa
44%
334,757 Spain Alicante
43%
559,121 United States Albuquerque
41%
897,560 Nigeria Aba
37%
350,742 United States Anaheim
37%
1,199,275 China Anshan
35%
388,125 United States Arlington
35%
1,092,450 India Amritsar
34%
356.051 Russia Arkhangel'sk
33%
722,250 Mexico Aguascalientes
28%
309,832 Chile Antofagasta
27%
841,145 Iran Ahvaz
25%
359,407 United States Aurora
23%
1,073,438 India Allahabad
22%
1,016,441 India Aurangabad
21%
781,129 China Anyang
19%
341,136 Tanzania Arusha
17%
408,733 United Arab Emirates Al Ain
16%
320,069 Japan Akita
13%
753,207 India Aligarh
11%
504,271 India Asansol
10%
502,533 Russia Astrakhan
10%
490,175 Brazil Aracaju
9%
319,587 Brazil Anapolis
8%
420,585 Egypt Asyut
8%
593,100 Nigeria Abeokuta
7%
603,837 India Amravati
7%
358,661 China Anqing
7%
517,911 India Ajmer
6%
420,594 Nigeria Akure
6%
410,753 Iran Ardabil
6%
356,612 Japan Asahikawa
6%
370,180 Iran Abadan
5%
340,020 China Aksu
5%
2,015,483 Iraq Al Basrah al Qadimah
5%
617,871 Yemen Al Hudaydah
5%
318,419 Uzbekistan Andijon
5%
503,647 Iran Arak
5%
315,328 Colombia Armenia
5%
385,755 Benin Abomey-Calavi
4%
442,173 Japan Amagasaki
4%
355,596 Indonesia Ambon
4%
351,936 China Anshun
4%
549,543 Philippines Antipolo
4%
424,340 Nigeria Ado Ekiti
3%
315,162 Iraq Al Kut
3%
428,857 India Akola
2%
637,411 Kuwait Al Ahmadi
2%
323,302 Iraq Al 'Amarah
2%
395,644 Morocco Al Hoceima
2%
341,049 India Ambattur
2%
433,956 Brazil Ananindeua
2%
510,770 Brazil Aparecida de Goiania
2%
900,000 Ivory Coast Abobo
1%
900,000 Iraq Abu Ghurayb
1%
318,801 Iraq Ad Diwaniyah
1%
367,140 India Ahmadnagar
1%
425,300 Saudi Arabia Al Kharj
1%
2,065,597 Iraq Al Mawsil al Jadidah
1%
363,945 Sudan Al Qadarif
1%
650,728 South Korea Ansan-si
1%
634,367 South Korea Anyang-si
1%
723,170 Iraq As Sulaymaniyah
1%
361,615 Turkey Atasehir
1%
514,102 Iran Azadshahr
1%
306.393 Egypt Al Fayyum
0%
431,052 Egypt Al Mahallah al Kubra
0%
420,195 Egypt Al Mansurah
0%
726,664 Mexico Alvaro Obregon
0%
414,711 Mexico Azcapotzalco
0%
No matching quizzes found
Score Distribution
Percent of People with Each Score
Percentile by Number Answered
Your Score History
You have not taken this quiz